Nommez une réponse valide - Célébrités - Statistiques

Statistiques générales
  • Ce quiz a été pris 3 517 fois
    1 136 depuis la dernière actualisation
  • Le résultat moyen est 6 sur 14
Statistiques - réponses
Question Célébrités % Correct
Membre du trio "Les Inconnus" Didier Bourdon | Bernard Campan | Pascal Légitimus
74%
Acteur ayant interprété Astérix en France au cinéma. Édouard Baer | Christian Clavier | Clovis Cornillac | Guillaume Canet
70%
Footballeur ayant inscrit plus de 40 buts en équipe de France. Thierry Henry | Olivier Giroud | Antoine Griezmann | Michel Platini
69%
Membre du groupe initiale Téléphone. Jean-Louis Aubert | Louis Bertignac | Corine Marienneau | Richard Kolinka
62%
Premier ministre sous Jacques Chirac Alain Juppé | Lionel Jospin | Jean-Pierre Raffarin | Dominique De Villepin
58%
Représentant Français pour un concours Eurovision depuis 2015. Alvan & Ahez | Barbara Pravi | Tom Leeb | Bilal Hassani | Madame Monsieur | Alma | Amir | Lisa Angell | La Zarra | Slimane | Louane
57%
Animateur en France de "La roue de la fortune". Michel Robbe | Christian Morin | Alexandre Debanne | Olivier Chiabodo | Christophe Dechavanne | Benjamin Castaldi | Eric-Antoine
50%
Une des 3 dernières Miss France. Angélique Angarni-Filopon | Ève Gilles | Indira Ampiot
35%
L'un des 6 premiers vainqueurs de l'émission Koh-Lanta en France. Gilles | Amel | Delphine | Isabelle | Philippe | Clémence
33%
Un présentateur de l'émission "Téléfoot" depuis 1977 Pierre Cangioni | Michel Denisot | Jean Raynal | Didier Roustan | Thierry Roland | Christian Jeanpierre | Thierry Gilardi | Grégoire Margotton
28%
Acteur ou actrice ayant reçu(e) au moins 3 Oscars du meilleur acteur ou second rôle. Katharine Hepburn | Frances McDormand | Daniel DayLewis | Jack Nicholson | Walter Brennan
20%
Roi de France, entre 1000 et 1100. Robert II | Henri Ier | Philippe Ier
17%
Chanteur (ou groupe) dans le top 3 des albums les plus vendus en France en 2021. Orelsan | Les Enfoirés | Grand Corps malade
12%
Athlète Français médaillé d'or individuel au JO de Tokyo 2020. Clarisse Agbegnenou | Romain Cannone | Steven Da Costa | Jean Quiquampoix
7%
Aucun quiz correspondant
Distribution des résultats
% des personnes avec chaque résultat
Percentile par nombre de réponses
Votre historique - résultats
Vous n’avez pas pris ce quiz depuis la dernière actualisation